000 00597nam a2200169 4500
008 161126b xxu||||| |||| 00| 0 eng d
020 _a9780170254694
082 _22015
_aDC 331.0994
_bMc24
100 _917860
_aMcPhail, Ruth
245 _aEmployment relations :
_ban integrated approach/
_cRuth McPhail, Marjorie Jerrard, and Amie Southcombe.
260 _aAustralia:
_bCengage Learning Pty Limited,
_cc2015.
300 _axxi, 452 pages :
_billustrations ;
_c25 cm.
500 _aIncludes index.
650 0 _917869
_aIndustrial relations
_zAustralia
365 _b7,868.00
_cPhp
942 _2ddc
_cDC
999 _c5894
_d5894